Welcome to the Holygrace Academy Library

Please use search bar below to get started

BLESSED CHAVARA (Record no. 5111)

MARC details
000 -LEADER
fixed length control field 00421nam a22001337a 4500
082 ## - DEWEY DECIMAL CLASSIFICATION NUMBER
Classification number 200
Item number MOO/B
100 ## - MAIN ENTRY--AUTHOR NAME
Personal name REV. Z M MOOZHOOR
245 ## - TITLE STATEMENT
Title BLESSED CHAVARA
Remainder of title THE STAR OF THE EAST
260 ## - PUBLICATION, DISTRIBUTION, ETC. (IMPRINT)
Place of publication KOTTAYAM
Name of publisher DC OFFSET PRINTERS
Year of publication 1993
300 ## - PHYSICAL DESCRIPTION
Number of Pages 138
520 ## - SUMMARY, ETC.
Summary, etc THE BOOK REPRESENTS THE SPIRIT OF INDIAN CHRISTIANITY AT ITS BEST AND THE MALABAR CHURCH AT ITS MOST RESPLENDENT
650 ## - SUBJECT ADDED ENTRY--TOPICAL TERM
Topical Term RELIGIOUS
Geographic subdivision KERALA
942 ## - ADDED ENTRY ELEMENTS (KOHA)
Koha item type Books
Holdings
Withdrawn status Lost status Collection code Home library Current library Shelving location Date acquired Source of acquisition Full call number Accession Number Koha item type
    Non-fiction Main Library Main Library SHELF 15 C-RELIGIOUS 19/05/2010 purchase 200 MOO/B 05312 Books